Phân tích tác động của các nhân tố vĩ mô đến chỉ số HNX-INDEX : Luận văn Thạc sĩ Kinh tế. Chuyên ngành Tài chính - Ngân hàng

Đề tài phân tích mối quan hệ nhân quả giữa chỉ số giá chứng khoán HNX-INDEX với từng yếu tố kinh tế vĩ mô, mối quan hệ đồng liên kết giữa các yếu tố kinh tế vĩ mô và chỉ số giá chứng khoán, đề xuất một số gợi ý giúp các nhà đ...

Full description

Saved in:
Bibliographic Details
Main Author: Nguyễn, Đặng Thùy Dương
Format: Book
Language:Undetermined
Published: Cần Thơ Trường Đại học Cần Thơ 2016
Subjects:
Tags: Add Tag
No Tags, Be the first to tag this record!
Institutions: Trung tâm Học liệu Trường Đại học Cần Thơ
LEADER 01343nam a2200217Ia 4500
001 CTU_213239
008 210402s9999 xx 000 0 und d
082 |a 332.642 
082 |b Ph561 
088 |a 60340201 
100 |a Nguyễn, Đặng Thùy Dương 
245 0 |a Phân tích tác động của các nhân tố vĩ mô đến chỉ số HNX-INDEX : 
245 0 |b Luận văn Thạc sĩ Kinh tế. Chuyên ngành Tài chính - Ngân hàng 
245 0 |c Nguyễn Đặng Thùy Dương ; Nguyễn Phú Son (Cán bộ hướng dẫn) 
260 |a Cần Thơ 
260 |b Trường Đại học Cần Thơ 
260 |c 2016 
520 |a Đề tài phân tích mối quan hệ nhân quả giữa chỉ số giá chứng khoán HNX-INDEX với từng yếu tố kinh tế vĩ mô, mối quan hệ đồng liên kết giữa các yếu tố kinh tế vĩ mô và chỉ số giá chứng khoán, đề xuất một số gợi ý giúp các nhà đầu tư nhận định tình hình để việc đầu tư mang lại hiệu quả hơn 
650 |a Thị trường chứng khoán,Stock exchanges 
904 |i Nguyên 
980 |a Trung tâm Học liệu Trường Đại học Cần Thơ